Klasszikus elődök útján Bánvölgyi László tárlata a képtárban /
Elmentve itt :
| Szerzők: | |
|---|---|
| Dokumentumtípus: | Cikk |
| Megjelent: |
2000-10-03
|
| Sorozat: | Délmagyarország
90 No. 232 |
| Kulcsszavak: | Bánvölgyi László, Szeged, Szobrászat kiállítás Szeged |
| Online Access: | http://dmarchiv.bibl.u-szeged.hu/83608 |
| LEADER | 00590nab a2200169 i 4500 | ||
|---|---|---|---|
| 001 | delm83608 | ||
| 005 | 20191025132823.0 | ||
| 008 | 191025s2000 hu o 0|| hun d | ||
| 040 | |a SZTE Délmagyarország Archívum |b hun | ||
| 041 | |a hun | ||
| 100 | 1 | |a Bánvölgyi László | |
| 245 | 1 | 0 | |a Klasszikus elődök útján |h [elektronikus dokumentum] : |b Bánvölgyi László tárlata a képtárban / |c Bánvölgyi László |
| 260 | |c 2000-10-03 | ||
| 300 | |a 5 | ||
| 490 | 0 | |a Délmagyarország |v 90 No. 232 | |
| 695 | |a Bánvölgyi László, Szeged, Szobrászat kiállítás Szeged | ||
| 700 | 0 | 1 | |a Hollósi Zsolt |e aut |